Statystyki dla Naczynie, z którego pijemy.

Kliknij tutaj aby rozwiązać quiz!

Ogólne statystyki

  • Ten quiz został rozwiązany 25 razy
  • Średni wynik to 5 z 7

Statystyki odpowiedzi

Odpowiedź% Poprawnych
kubek
100%
szklanka
100%
filizanka
75%
kieliszek
71%
miska
54%
kufel
33%
wiadro
21%

Rozkład punktacji

Percentyl według liczby udzielonych odpowiedzi

Procent ludzi z każdym wynikiem

Twoja historia wyników

Nie rozwiązałeś tego quizu